La coyuntura actual en Guatemala
Spremljeno u:
| Format: | Tekst |
|---|---|
| Oznake: |
Dodaj oznaku
Bez oznaka, Budi prvi tko označuje ovaj zapis!
|
MARC
| LEADER | 00000 a a2200000 04500 | ||
|---|---|---|---|
| 001 | 42514 | ||
| 003 | |||
| 040 | |||
| 245 | |a La coyuntura actual en Guatemala | ||
| 773 | |g volumen17, número728 ( , 1996), páginas 8-9 | ||
| 999 | |c 26601 |d 26601 | ||
